Sports Quiz

Random Sports Quiz

Kauffman Stadium Inaugural Season Homers Quiz Stats

 Plays Quiz not verified by Sporcle

Score 0/58 Timer 09:00
0 Plays Today
Team Player % Correct
Chicago White SoxCarlos May
87.9%
Milwaukee BrewersDave May
87.9%
Kansas City RoyalsAmos Otis
84.8%
Kansas City RoyalsJohn Mayberry
81.8%
Minnesota TwinsTony Oliva
81.8%
New York YankeesRoy White
81.8%
Oakland AthleticsSal Bando
78.8%
California AngelsFrank Robinson
78.8%
New York YankeesBobby Murcer
78.8%
Oakland AthleticsJoe Rudi
75.8%
Minnesota TwinsRod Carew
75.8%
Kansas City RoyalsFreddie Patek
72.7%
Boston Red SoxCarl Yastrzemski
72.7%
New York YankeesThurman Munson
72.7%
Texas RangersJeff Burroughs
72.7%
Texas RangersToby Harrah
69.7%
Kansas City RoyalsLou Piniella
66.7%
Oakland AthleticsGene Tenace
66.7%
Detroit TigersNorm Cash
66.7%
Oakland AthleticsDeron Johnson
63.6%
Chicago White SoxBill Melton
63.6%
Baltimore OriolesDon Baylor
60.6%
Kansas City RoyalsCookie Rojas
57.6%
Minnesota TwinsLarry Hisle
57.6%
Baltimore OriolesEarl Williams
57.6%
Kansas City RoyalsHal McRae
54.5%
Cleveland IndiansChris Chambliss
48.5%
Cleveland IndiansGeorge Hendrick
42.4%
Kansas City RoyalsPaul Schaal
39.4%
Team Player % Correct
Oakland AthleticsJesus Alou
36.4%
California AngelsBob Oliver
36.4%
New York YankeesHorace Clarke
36.4%
Milwaukee BrewersDon Money
36.4%
Kansas City RoyalsEd Kirkpatrick
33.3%
Chicago White SoxKen Henderson
33.3%
Kansas City RoyalsBuck Martinez
30.3%
Kansas City RoyalsFran Healy
27.3%
Chicago White SoxJorge Orta
27.3%
Minnesota TwinsBobby Darwin
27.3%
Boston Red SoxRick Miller
27.3%
New York YankeesMike Hegan
27.3%
Cleveland IndiansCharlie Spikes
27.3%
California AngelsVada Pinson
24.2%
Kansas City RoyalsSteve Hovley
21.2%
California AngelsLeroy Stanton
21.2%
Kansas City RoyalsGail Hopkins
18.2%
Chicago White SoxJohnny Jeter
18.2%
Minnesota TwinsSteve Brye
18.2%
New York YankeesJim Ray Hart
18.2%
Texas RangersVic Harris
18.2%
Texas RangersTom Grieve
15.2%
Texas RangersLenny Randle
15.2%
California AngelsTommy McCraw
12.1%
Kansas City RoyalsRick Reichardt
9.1%
Milwaukee BrewersBob Coluccio
9.1%
Kansas City RoyalsKurt Bevacqua
6.1%
California AngelsRoby Meoli
6.1%
California AngelsJohn Stephenson
6.1%

You're not logged in!

Compare scores with friends on all Sporcle quizzes.
OR
Log In

Show Comments

Extras

Top Quizzes Today


Score Distribution

Your Account Isn't Verified!

In order to create a playlist on Sporcle, you need to verify the email address you used during registration. Go to your Sporcle Settings to finish the process.

Report this User

Report this user for behavior that violates our Community Guidelines.

Details: